000 00447nam a22001217a 4500
082 _a220 PRO
100 _aADEEL EJAZ, BUSHRA SOHAIL, GHAZANFER ALI, RIDA SOHAIL, QURATUAIN NAQVI,
_971013
245 _aPR-SOF-1410-Design and Control of One DOF Limb and Seven DOF Myo Electric Anthropoid Hand
260 _aISLAMABAD
_bNUST COLLEGE OF EME
_c2015
650 _aDE-MTS-33
_971014
700 _aDR UMAR SHAHBAZ KHAN, DR JAVED IQBAL
_971015
942 _cCR
999 _c577762
_d577762